| 000 | 01254nam a2200313Ia 4500 | ||
|---|---|---|---|
| 001 | ebr10085414 | ||
| 003 | CaPaEBR | ||
| 006 | m u | ||
| 007 | cr cn||||||||| | ||
| 008 | 960509s1997 nyuaf sb 001 0 eng d | ||
| 010 | _z 96022810 | ||
| 020 | _z0195119134 | ||
| 020 | _z0195076079 (alk. paper) | ||
| 040 |
_aCaPaEBR _cCaPaEBR |
||
| 035 | _a(OCoLC)560036987 | ||
| 050 | 1 | 4 |
_aGV954 _b.P48 1997eb |
| 082 | 0 | 4 |
_a796.332/64/0973 _220 |
| 100 | 1 |
_aPeterson, Robert, _d1925-2006. |
|
| 245 | 1 | 0 |
_aPigskin _h[electronic resource] : _bthe early years of pro football / _cRobert W. Peterson. |
| 260 |
_aNew York : _bOxford University Press, _c1997. |
||
| 300 |
_a228 p., [16] p. of plates : _bill. |
||
| 504 | _aIncludes bibliographical references (p. 214-216) and index. | ||
| 533 |
_aElectronic reproduction. _bPalo Alto, Calif. : _cebrary, _d2009. _nAvailable via World Wide Web. _nAccess may be limited to ebrary affiliated libraries. |
||
| 650 | 0 |
_aFootball _zUnited States _xHistory. |
|
| 650 | 0 |
_aBall games _zUnited States _xHistory. |
|
| 655 | 7 |
_aElectronic books. _2local |
|
| 710 | 2 | _aebrary, Inc. | |
| 856 | 4 | 0 |
_uhttp://site.ebrary.com/lib/rucke/Doc?id=10085414 _zAn electronic book accessible through the World Wide Web; click to view |
| 999 |
_c49621 _d49621 |
||